000
00305nam a2200133Ia 4500
008
190216s9999||||xx |||||||||||||| ||und||
100
_a
L.M.Prasad
245
0
_a
Human Resourse Management
250
_a
7 th Ed.
260
_b
Sulthan Chand&Sons
_c
250
300
_a
840
650
_a
Commerce
942
_c
BK
999
_c
8278
_d
8278